Governmental auditing /

Bibliographic Details
Main Author: Tierney, Cornelius E.
Format: Book
Language:English
Published: [Chicago] : Commerce Clearing House, [1979]
Subjects:

MARC

Tag First Indicator Second Indicator Subfields
LEADER 00000cam a2200000 i 4500
001 in00000061427
005 20151007082741.0
008 150910s1979 ilua b 00110 eng
010 |a  79053054  
035 |a (OCoLC)05163126 
035 |9 AAF8354AM 
040 |a DLC  |c DLC  |d TXA  |d UtOrBLW 
043 |a n-us--- 
049 |a TXAM  |c [1159887] 
050 0 0 |a HJ9733  |b .T53 
082 0 |a 657/.835 
100 1 |a Tierney, Cornelius E. 
245 1 0 |a Governmental auditing /  |c Cornelius E. Tierney. 
264 1 |a [Chicago] :  |b Commerce Clearing House,  |c [1979] 
264 4 |c ©1979 
300 |a viii, 456 pages :  |b illustrations ;  |c 24 cm. 
336 |a text  |b txt  |2 rdacontent 
337 |a unmediated  |b n  |2 rdamedia 
338 |a volume  |b nc  |2 rdacarrier 
500 |a Includes index. 
504 |a Bibliography: pages 443-450. 
650 0 |a Finance, Public  |x Accounting. 
650 0 |a Finance, Public  |x Accounting  |x Standards  |z United States. 
650 0 |a Finance, Public  |z United States  |x Accounting. 
999 |a MARS 
999 f f |s bf21e53f-09c9-3fab-85ad-c966d5a89443  |i 2dbc7edc-08fc-36e6-b695-bdf20b2ff93d  |t 0 
952 f f |p ric  |a Texas A&M University  |b Rellis Campus  |c Joint Library Facility  |d Remote Storage  |t 0  |e HJ9733 .T53  |h Library of Congress classification  |i unmediated -- volume  |m A14802901291 
998 f f |a HJ9733 .T53  |t 0  |l Remote Storage